Sports Quiz

Random Sports or Celebrity Quiz
Score 0/20 Timer 05:00
2 Plays Today
% Correct
Lionel Messi
96.1%
David Beckham
95.9%
Fernando Torres
89.6%
Cristiano Ronaldo
89.5%
Ryan Giggs
88.7%
Luis Suárez
88%
Peter Crouch
84.3%
Eric Cantona
84%
Gianluigi Buffon
81.8%
Robert Lewandowski
81.7%
% Correct
Jordan Henderson
78.4%
Luís Figo
75.9%
Gary Lineker
72.4%
Daniel Sturridge
71%
Antoine Griezmann
70.9%
Mats Hummels
52.4%
Shinji Kagawa
51.6%
Romelu Lukaku
50.7%
Daley Blind
50.2%
Jimmy Bullard
45%
Remove Ads.
Support Sporcle.
Get the best of Sporcle when you Go Orange. This ad-free experience offers more features, more stats, and more fun while also helping to support Sporcle. Thank you for becoming a member.

You're not logged in!

Compare scores with friends on all Sporcle quizzes.
OR
Log In

Show Comments

Extras

Top Quizzes Today


Score Distribution

Your Account Isn't Verified!

In order to create a playlist on Sporcle, you need to verify the email address you used during registration. Go to your Sporcle Settings to finish the process.

Report this User

Report this user for behavior that violates our Community Guidelines.

Details: